| 000 | 00646nam a2200205 a 4500 | ||
|---|---|---|---|
| 001 | 000022561 | ||
| 005 | 20200930021656.0 | ||
| 008 | 101013s1989 xxua 000 0 spa d | ||
| 020 | _a089729551X | ||
| 040 |
_aDO-SdBNP _bspa _cBNPHU |
||
| 082 |
_axxxx _bS211c |
||
| 100 | 1 |
_aSánchez Pérez, Manuel _946437 |
|
| 245 | 1 | 0 |
_aCuba, las estructuras del poder : _bla élite / _cManuel Sánchez Pérez. |
| 260 |
_aMiami, Florida : _bEdiciones Universal, _c1989. |
||
| 300 |
_axi, 255 p. : _bil. ; _c26 cm. |
||
| 490 | 1 | _aCuba y sus jueces | |
| 500 | _aIncluye índice de fichas bibliográficas | ||
| 830 | 0 |
_aCuba y sus jueces _920653 |
|
| 049 | _aBNPD | ||
| 999 |
_c22058 _d22058 |
||